Identification of Neutralization of the CMR Documents in European Union Conditions
V roku 1956 bol uzavretý Dohovor o zmluve o medzinárodnej cestnej nákladnej doprave (CMR) s účelom zjednotiť pravidlá medzinárodnej prepravy tovaru a tým podporiť rozvoj medzinárodného obchodu. V poslednej dobe je tento dokument často spájaný s pojmom neutralizácia. Cieľom tohto článku bolo objasniť...
Guardado en:
| Autor principal: | |
|---|---|
| Otros Autores: | , , , |
| Formato: | Capítulo de libro |
| Lenguaje: | inglés |
| Materias: | |
| Etiquetas: |
Sin Etiquetas, Sea el primero en etiquetar este registro!
|
MARC
| LEADER | 00000naa a2200000 4500 | ||
|---|---|---|---|
| 001 | 0269099 | ||
| 005 | 20201009090337.0 | ||
| 041 | 0 | |a eng | |
| 044 | |a SK | ||
| 245 | 1 | 0 | |a Identification of Neutralization of the CMR Documents in European Union Conditions |c Miloš Poliak, Jana Tomicová, Marek Jaśkiewicz, Paweł Droździel, Natalia Lakhmetkina |
| 520 | |a V roku 1956 bol uzavretý Dohovor o zmluve o medzinárodnej cestnej nákladnej doprave (CMR) s účelom zjednotiť pravidlá medzinárodnej prepravy tovaru a tým podporiť rozvoj medzinárodného obchodu. V poslednej dobe je tento dokument často spájaný s pojmom neutralizácia. Cieľom tohto článku bolo objasniť význam tohto pojmu v doprave. Ďalej bolo cieľom zistiť, v akom rozsahu majú dopravcovia skutočné skúsenosti s neutralizáciou nákladného listu CMR počas prepravy, pre aké druhy tovaru a na akých druhoch trás sa neutralizácia najviac využíva. | ||
| 610 | 2 | 0 | |a doprava cestná nákladná |
| 610 | 2 | 0 | |a zmluvy medzinárodné |
| 610 | 2 | 0 | |a obchod medzinárodný |
| 610 | 2 | 0 | |a tovar |
| 610 | 2 | 0 | |a štát |
| 100 | 1 | |a Poliak, Miloš | |
| 700 | 1 | |a Tomicová, Jana | |
| 700 | 1 | |a Jaśkiewicz, Marek | |
| 700 | 1 | |a Droździel, Paweł | |
| 700 | 1 | |a Lakhmetkina, Natalia | |